00617nam a2200157Ia 4500999001700000082001200017100002400029245018100053260003800234300001000272650001200282650003100294710002200325942001200347952010000359 c10942d10942 aTV.0027 aVenkatramaiah, S.R. 0aAvoidance-escape behavior in albino rats, as a function of anxiety reduction by behavioural techniques and meprobamate : An experimental study in the psychopathology of anxiety c1970bSri Venkateswara University a128p. aANXIETY aRATS AS LABORATORY ANIMALS aParthasarathy, S. cTH2ddc 00104070aNASSDOCbNASSDOCd2004-10-08l0oTV.0027p8865r2019-04-18 00:00:00w2019-04-18yTH